|
|
|
|
| LEADER |
00000nam a22000007a 4500 |
| 005 |
20220825212335.0 |
| 007 |
cr|||| |||| |
| 008 |
220825s2022 co |||||s|||| 00||0 spa d |
| 020 |
|
|
|a 978–958–503–230–9
|
| 035 |
|
|
|a 36975
|
| 040 |
|
|
|a vLex
|
| 090 |
|
|
|c 13837
|d 13837
|
| 100 |
1 |
|
|a Uribe Medina, Luis Ral︢
|
| 245 |
1 |
0 |
|a Plan de cuentas para sistemas contables 2022
|h [Recurso electrn̤ico] /
|c Luis Ral︢ Uribe Medina
|
| 256 |
|
|
|a Servicio en ln̕ea
|
| 260 |
|
|
|a Bogot:̀
|b Ecoe Ediciones S.A.S.,
|c 2022
|
| 300 |
|
|
|a 1 recurso electrn̤ico
|
| 500 |
|
|
|a Esta edicin̤ del Plan de Cuentas 2022 ofrece la informacin̤ actualizada y facilita el reconocimiento de las operaciones contables de empresas y entidades del pas̕ debido a la forma prc̀tica en que presenta la informacin̤; corroborado por testimonios de usuarios que han encontrado apoyo tčnico y prc̀tico de acuerdo con las exigencias de NIIF y tambiň compatibles con software relacionados. Se contina︢ con la propuesta de Homologacin̤ o tabla de equivalencias con el PUC anterior. En el catl̀ogo de cuentas se presenta como apoyo la descripcin̤ y dinm̀ica de las cuentas, que ha demostrado ser de utilidad prc̀tica. Adems̀, se incluye en esta edicin̤ un ejercicio prc̀tico del Estado de Flujos de Efectivo, regulado en la NIC 7 y en la seccin̤ 7. Este material est ̀dirigido a facilitar la labor empresarial para los usuarios que hacen registros contables en los diferentes programas, por lo que es de gran utilidad para estudiantes, tecnl̤ogos, auxiliares, contadores, administradores e incluso para el personal de sistemas de informacin̤, como los de auditoria y revisora̕ fiscal.
|
| 506 |
1 |
|
|a Disponible solo en los productos indicados
|d vLex Global
|d vLex Global (Academic Edition, excluding Law Schools)
|d vLex Global (U.S. Academic Edition, Law Schools)
|d vLex Global (U.S. Academic Edition, excluding Law Schools)
|d vLex Global (Academic Edition, Law Schools)
|
| 650 |
0 |
4 |
|a Contabilidad
|z Colombia
|
| 650 |
0 |
4 |
|a Banca y finanzas
|z Colombia
|
| 740 |
0 |
|
|a vLex Libros (Servicio en ln̕ea)
|
| 856 |
4 |
0 |
|u https://app.vlex.com/#/sources/36975
|z Acceso restringido
|
| 942 |
|
|
|c BOOK
|
| 999 |
0 |
|
|a Accounting
|
| 999 |
0 |
|
|a Banking and finance
|